| 000 | 01172nam a22002897a 4500 | ||
|---|---|---|---|
| 005 | 20110401163233.0 | ||
| 008 | 110401t xxu||||| |||| 00| 0 eng d | ||
| 010 | _aENG-102224 | ||
| 020 |
_a9788132105312 _c795.00 |
||
| 035 | _aEN-85757 | ||
| 037 | _bDBAD/PUB | ||
| 040 |
_adpl _bEng |
||
| 082 | 0 | 0 |
_a322.3 _222 |
| 100 | 1 |
_aGhosh, Dhruba Narayan _d1928- _926981 |
|
| 245 | 1 | 0 |
_aBusiness and polity : _bdynamics of a changing relationship / _cby D.N. Ghosh |
| 260 |
_aNew Delhi _bSAGE Publications _c2011 |
||
| 270 |
_aB1/I-1 Mohan Cooperative Industrial Area , Mathura Road _bNew Delhi _e110044 |
||
| 300 |
_axIiv,422p. _c22cm (Hb) |
||
| 500 | _aIncludes bibliographical references and index. | ||
| 650 | 0 |
_aEconomic history. _926982 |
|
| 650 | 0 |
_aEconomic policy _xHistory. _926983 |
|
| 650 | 0 |
_aBusiness and politics _xHistory. _926984 |
|
| 650 | 0 |
_aCommerce _xHistory. _926985 |
|
| 942 |
_2ddc _cEN _h322.3 _mGHO |
||
| 999 |
_c51383 _d51383 |
||